[Event "European Individual Chess Championship 2017"]
[Site "?"]
[Date "2017.06.07"]
[Round "8.24"]
[White "Baghdasaryan, Vahe"]
[Black "Yilmaz, Mustafa"]
[Result "1/2-1/2"]
[BlackElo "2630"]
[WhiteElo "2449"]
[LiveChessVersion "1.4.8"]

1. e4 {[%clk 1:30:33]} c5 {[%clk 1:30:58]} 2. Nf3 {[%clk 1:30:35]} e6
{[%clk 1:31:24]} 3. d4 {[%clk 1:29:09]} cxd4 {[%clk 1:31:04]} 4. Nxd4
{[%clk 1:29:31]} Nc6 {[%clk 1:31:31]} 5. Nc3 {[%clk 1:29:47]} Qc7
{[%clk 1:31:56]} 6. Be2 {[%clk 1:29:45]} a6 {[%clk 1:32:19]} 7. O-O
{[%clk 1:29:54]} Nf6 {[%clk 1:32:22]} 8. Kh1 {[%clk 1:30:14]} Be7
{[%clk 1:30:48]} 9. f4 {[%clk 1:29:48]} d6 {[%clk 1:31:04]} 10. Be3
{[%clk 1:30:11]} O-O {[%clk 1:30:38]} 11. Qe1 {[%clk 1:30:18]} Nxd4
{[%clk 1:30:41]} 12. Bxd4 {[%clk 1:30:38]} b5 {[%clk 1:31:05]} 13. a3
{[%clk 1:30:47]} Nd7 {[%clk 1:30:45]} 14. f5 {[%clk 1:14:54]} Bf6
{[%clk 1:22:03]} 15. Bxf6 {[%clk 1:01:53]} Nxf6 {[%clk 1:21:35]} 16. fxe6
{[%clk 1:02:18]} fxe6 {[%clk 1:12:45]} 17. Qh4 {[%clk 1:00:05]} Qc5
{[%clk 0:54:51]} 18. Rf3 {[%clk 0:45:59]} Ra7 {[%clk 0:52:45]} 19. Rd1
{[%clk 0:36:06]} Raf7 {[%clk 0:50:14]} 20. Rfd3 {[%clk 0:17:52]} a5
{[%clk 0:42:58]} 21. Bf3 {[%clk 0:13:53]} b4 {[%clk 0:38:05]} 22. axb4
{[%clk 0:14:21]} axb4 {[%clk 0:38:28]} 23. Ne2 {[%clk 0:14:02]} Qxc2
{[%clk 0:27:58]} 24. Rxd6 {[%clk 0:02:21]} Qxb2 {[%clk 0:26:34]} 25. Nd4
{[%clk 0:02:43]} e5 {[%clk 0:19:09]} 26. Nf5 {[%clk 0:01:45]} b3 {[%clk 0:13:27]}
27. Rd8 {[%clk 0:01:12]} Rxd8 {[%clk 0:10:16]} 28. Rxd8+ {[%clk 0:01:39]} Rf8
{[%clk 0:10:40]} 29. Nh6+ {[%clk 0:01:12]} gxh6 {[%clk 0:10:44]} 30. Rxf8+
{[%clk 0:01:17]} Kxf8 {[%clk 0:11:04]} 31. Qxf6+ {[%clk 0:01:33]} Ke8
{[%clk 0:07:12]} 32. Bh5+ {[%clk 0:01:30]} Kd7 {[%clk 0:07:41]} 33. Bg4+
{[%clk 0:01:22]} Kc7 {[%clk 0:07:12]} 34. Qe7+ {[%clk 0:00:39]} Kb8
{[%clk 0:07:17]} 35. Qd6+ {[%clk 0:00:57]} Ka8 {[%clk 0:07:09]} 36. Qd5+
{[%clk 0:00:49]} Bb7 {[%clk 0:06:37]} 37. Qa5+ {[%clk 0:01:07]} Kb8
{[%clk 0:07:01]} 38. Qd8+ {[%clk 0:01:30]} Ka7 {[%clk 0:07:29]} 39. Qa5+
{[%clk 0:01:50]} Ba6 {[%clk 0:07:04]} 40. Qc7+ {[%clk 0:32:07]} Ka8
{[%clk 0:35:52]} 41. Qd8+ {[%clk 0:25:08]} Kb7 {[%clk 0:31:04]} 42. Qd5+
{[%clk 0:03:28]} Kb6 {[%clk 0:28:08]} 43. Bd1 {[%clk 0:02:07]} Qf2
{[%clk 0:09:16]} 44. Qxb3+ {[%clk 0:02:11]} Bb5 {[%clk 0:09:40]} 45. h3
{[%clk 0:01:57]} Qe1+ {[%clk 0:09:49]} 46. Kh2 {[%clk 0:02:23]} Qxe4
{[%clk 0:10:15]} 47. Bc2 {[%clk 0:00:42]} Qd4 {[%clk 0:07:12]} 48. Qe6+
{[%clk 0:00:48]} Bc6 {[%clk 0:07:16]} 49. Qb3+ {[%clk 0:01:14]} Kc5
{[%clk 0:05:57]} 50. Qa3+ {[%clk 0:01:36]} Kb5 {[%clk 0:05:44]} 51. Qb3+
{[%clk 0:01:33]} Qb4 {[%clk 0:05:09]} 52. Bd3+ {[%clk 0:01:56]} Kc5
{[%clk 0:05:01]} 53. Qc2+ {[%clk 0:00:42]} Kd6 {[%clk 0:04:25]} 54. Qc1
{[%clk 0:00:37]} h5 {[%clk 0:02:03]} 55. Qh6+ {[%clk 0:00:39]} Kd5
{[%clk 0:01:49]} 56. Bxh7 {[%clk 0:00:42]} Qf4+ {[%clk 0:00:37]} 57. Qxf4
{[%clk 0:01:07]} exf4 {[%clk 0:01:03]} 1/2-1/2

[Event "European Individual Chess Championship 2017"]
[Site "?"]
[Date "2017.06.07"]
[Round "8.25"]
[White "Salgado Lopez, Ivan"]
[Black "Danin, Alexandre"]
[Result "1-0"]
[BlackElo "2543"]
[WhiteElo "2627"]
[LiveChessVersion "1.4.8"]

1. e4 {[%clk 1:22:27]} e5 {[%clk 1:30:17]} 2. Nf3 {[%clk 1:22:46]} Nc6
{[%clk 1:30:41]} 3. Bb5 {[%clk 1:22:38]} Nf6 {[%clk 1:31:03]} 4. d3
{[%clk 1:22:56]} Bc5 {[%clk 1:31:25]} 5. Bxc6 {[%clk 1:23:17]} dxc6
{[%clk 1:31:49]} 6. Bg5 {[%clk 1:23:38]} Qd6 {[%clk 1:25:47]} 7. Nbd2
{[%clk 1:22:55]} Ng4 {[%clk 1:17:35]} 8. Bh4 {[%clk 1:21:06]} f6 {[%clk 1:15:32]}
9. Bg3 {[%clk 1:20:17]} Be6 {[%clk 0:43:17]} 10. Qe2 {[%clk 1:12:50]} Qd7
{[%clk 0:29:02]} 11. Nb3 {[%clk 1:05:11]} Bb6 {[%clk 0:24:40]} 12. Nfd2
{[%clk 1:04:46]} Nh6 {[%clk 0:22:13]} 13. a4 {[%clk 1:01:17]} a6 {[%clk 0:21:58]}
14. a5 {[%clk 1:00:59]} Ba7 {[%clk 0:22:24]} 15. f3 {[%clk 0:58:39]} c5
{[%clk 0:19:20]} 16. Bf2 {[%clk 0:57:47]} Qc6 {[%clk 0:15:37]} 17. O-O
{[%clk 0:54:01]} Nf7 {[%clk 0:14:23]} 18. Be3 {[%clk 0:45:43]} c4
{[%clk 0:10:53]} 19. Nxc4 {[%clk 0:43:26]} Bxc4 {[%clk 0:11:19]} 20. dxc4
{[%clk 0:43:46]} Bxe3+ {[%clk 0:11:45]} 21. Qxe3 {[%clk 0:44:07]} Qxc4
{[%clk 0:12:13]} 22. Nc5 {[%clk 0:29:22]} O-O {[%clk 0:12:38]} 23. Nxb7
{[%clk 0:24:45]} Rfb8 {[%clk 0:11:53]} 24. b3 {[%clk 0:23:46]} Qc6
{[%clk 0:11:43]} 25. Nc5 {[%clk 0:22:50]} Rb5 {[%clk 0:12:08]} 26. Nd3
{[%clk 0:19:03]} Qxc2 {[%clk 0:12:31]} 27. b4 {[%clk 0:19:23]} Rd8
{[%clk 0:12:43]} 28. Ra3 {[%clk 0:19:05]} Qc6 {[%clk 0:09:08]} 29. Rc1
{[%clk 0:18:57]} Qd6 {[%clk 0:09:08]} 30. Rc5 {[%clk 0:17:07]} Rxc5
{[%clk 0:06:13]} 31. Qxc5 {[%clk 0:17:27]} Qd7 {[%clk 0:06:35]} 32. b5
{[%clk 0:16:39]} Qxb5 {[%clk 0:05:11]} 33. Qxb5 {[%clk 0:16:48]} axb5
{[%clk 0:05:39]} 34. a6 {[%clk 0:16:46]} Nd6 {[%clk 0:03:43]} 35. Nb4
{[%clk 0:10:26]} c5 {[%clk 0:01:13]} 36. Nc6 {[%clk 0:07:32]} Ra8
{[%clk 0:01:21]} 37. Rd3 {[%clk 0:07:38]} Nc8 {[%clk 0:00:37]} 38. Rd8+
{[%clk 0:06:47]} Kf7 {[%clk 0:01:06]} 39. a7 {[%clk 0:07:04]} Nxa7
{[%clk 0:00:47]} 40. Rxa8 {[%clk 0:37:08]} Nxc6 {[%clk 0:31:14]} 41. Rc8
{[%clk 0:37:05]} Nd4 {[%clk 0:29:41]} 42. Rxc5 {[%clk 0:36:41]} b4
{[%clk 0:28:34]} 43. Rc7+ {[%clk 0:36:44]} Kg6 {[%clk 0:24:35]} 44. Rb7
{[%clk 0:36:25]} b3 {[%clk 0:25:02]} 45. Kf2 {[%clk 0:36:14]} h5 {[%clk 0:21:42]}
46. h4 {[%clk 0:32:27]} Kh6 {[%clk 0:21:21]} 47. Rb6 {[%clk 0:32:00]} Kg6
{[%clk 0:21:01]} 48. Ke3 {[%clk 0:31:07]} Kf7 {[%clk 0:17:25]} 49. Rb7+
{[%clk 0:25:14]} Kg6 {[%clk 0:17:54]} 50. Kd3 {[%clk 0:23:47]} Ne6
{[%clk 0:18:11]} 51. Kd2 {[%clk 0:22:57]} Nd4 {[%clk 0:18:28]} 52. Rd7
{[%clk 0:20:38]} Kh6 {[%clk 0:18:04]} 53. Rd6 {[%clk 0:18:28]} Nb5
{[%clk 0:17:38]} 54. Rb6 {[%clk 0:15:41]} Nd4 {[%clk 0:18:07]} 55. Kc3
{[%clk 0:13:45]} Ne2+ {[%clk 0:15:42]} 56. Kxb3 {[%clk 0:13:34]} Nf4
{[%clk 0:15:37]} 57. g3 {[%clk 0:13:49]} Ne2 {[%clk 0:16:00]} 58. Kc4
{[%clk 0:11:38]} Nd4 {[%clk 0:13:11]} 59. f4 {[%clk 0:10:56]} Nf3
{[%clk 0:13:37]} 60. f5 {[%clk 0:07:04]} Nd2+ {[%clk 0:06:02]} 61. Kd5
{[%clk 0:07:06]} Kh7 {[%clk 0:05:38]} 62. Rb2 {[%clk 0:06:09]} Nf1
{[%clk 0:05:19]} 63. Rb3 {[%clk 0:06:15]} Kg8 {[%clk 0:04:51]} 64. Ke6
{[%clk 0:05:47]} Nd2 {[%clk 0:05:08]} 65. Rb8+ {[%clk 0:04:52]} Kh7
{[%clk 0:05:37]} 66. Rb4 {[%clk 0:05:01]} Kg8 {[%clk 0:05:51]} 67. Ke7
{[%clk 0:03:14]} Nf1 {[%clk 0:05:49]} 68. Rb3 {[%clk 0:03:31]} Nd2
{[%clk 0:06:07]} 69. Re3 {[%clk 0:03:41]} Nf1 {[%clk 0:06:00]} 70. Rd3
{[%clk 0:04:01]} Nh2 {[%clk 0:06:15]} 71. Rd8+ {[%clk 0:03:53]} Kh7
{[%clk 0:06:44]} 72. Kf8 {[%clk 0:02:09]} g6 {[%clk 0:06:07]} 73. Kf7
{[%clk 0:02:02]} gxf5 {[%clk 0:06:32]} 74. Kxf6 {[%clk 0:02:17]} fxe4
{[%clk 0:06:08]} 75. Rd7+ {[%clk 0:01:22]} Kh6 {[%clk 0:06:31]} 76. Kxe5
{[%clk 0:01:39]} e3 {[%clk 0:06:55]} 77. Kf4 {[%clk 0:01:07]} Ng4
{[%clk 0:07:24]} 78. Rd6+ {[%clk 0:01:24]} Kg7 {[%clk 0:07:53]} 79. Kf3
{[%clk 0:01:09]} Ne5+ {[%clk 0:07:30]} 80. Ke2 {[%clk 0:01:24]} Ng4
{[%clk 0:07:56]} 81. Rd5 {[%clk 0:01:10]} Kg6 {[%clk 0:08:20]} 82. Rg5+
{[%clk 0:01:30]} Kh6 {[%clk 0:08:43]} 83. Rxg4 {[%clk 0:01:50]} hxg4
{[%clk 0:09:07]} 84. Kxe3 {[%clk 0:02:15]} 1-0

[Event "European Individual Chess Championship 2017"]
[Site "?"]
[Date "2017.06.07"]
[Round "8.26"]
[White "Navara, David"]
[Black "Svetushkin, Dmitry"]
[Result "1-0"]
[BlackElo "2573"]
[WhiteElo "2739"]
[LiveChessVersion "1.4.8"]

1. e4 {[%clk 1:30:58]} e5 {[%clk 1:30:43]} 2. Nf3 {[%clk 1:31:23]} Nc6
{[%clk 1:31:09]} 3. Bb5 {[%clk 1:31:47]} a6 {[%clk 1:30:09]} 4. Ba4
{[%clk 1:32:13]} Nf6 {[%clk 1:30:33]} 5. O-O {[%clk 1:32:37]} Be7
{[%clk 1:30:54]} 6. Re1 {[%clk 1:33:00]} b5 {[%clk 1:31:18]} 7. Bb3
{[%clk 1:33:26]} d6 {[%clk 1:30:06]} 8. c3 {[%clk 1:33:50]} O-O {[%clk 1:30:27]}
9. h3 {[%clk 1:34:15]} Bb7 {[%clk 1:30:23]} 10. d4 {[%clk 1:34:37]} Nd7
{[%clk 1:30:46]} 11. Nbd2 {[%clk 1:33:30]} exd4 {[%clk 1:31:07]} 12. cxd4
{[%clk 1:33:55]} Bf6 {[%clk 1:31:31]} 13. Nf1 {[%clk 1:34:08]} Na5
{[%clk 1:31:55]} 14. Bc2 {[%clk 1:34:22]} Re8 {[%clk 1:32:20]} 15. Ng3
{[%clk 1:33:44]} g6 {[%clk 1:32:21]} 16. Bh6 {[%clk 1:34:06]} Nc4
{[%clk 1:22:28]} 17. b3 {[%clk 1:34:32]} Ncb6 {[%clk 1:22:22]} 18. a4
{[%clk 1:22:23]} bxa4 {[%clk 1:14:08]} 19. bxa4 {[%clk 1:22:45]} a5
{[%clk 1:08:02]} 20. Rb1 {[%clk 1:02:05]} c5 {[%clk 0:47:34]} 21. Bf4
{[%clk 0:59:05]} d5 {[%clk 0:41:45]} 22. e5 {[%clk 0:57:14]} Bg7 {[%clk 0:42:01]}
23. Ng5 {[%clk 0:57:18]} cxd4 {[%clk 0:32:56]} 24. Nf5 {[%clk 0:52:14]} Nc5
{[%clk 0:30:16]} 25. e6 {[%clk 0:46:45]} 1-0

[Event "European Individual Chess Championship 2017"]
[Site "?"]
[Date "2017.06.07"]
[Round "8.27"]
[White "Jakovenko, Dmitry"]
[Black "Donchenko, Alexander"]
[Result "1-0"]
[BlackElo "2563"]
[WhiteElo "2718"]
[LiveChessVersion "1.4.8"]

1. e4 {[%clk 1:21:23]} c5 {[%clk 1:30:24]} 2. Nf3 {[%clk 1:21:48]} d6
{[%clk 1:30:49]} 3. d4 {[%clk 1:22:16]} cxd4 {[%clk 1:31:12]} 4. Nxd4
{[%clk 1:22:44]} Nf6 {[%clk 1:31:33]} 5. Nc3 {[%clk 1:23:12]} a6 {[%clk 1:31:56]}
6. Be2 {[%clk 1:23:39]} e5 {[%clk 1:28:28]} 7. Nb3 {[%clk 1:24:04]} Be7
{[%clk 1:28:13]} 8. O-O {[%clk 1:24:28]} O-O {[%clk 1:27:47]} 9. Re1
{[%clk 1:24:36]} Be6 {[%clk 1:24:42]} 10. Bf3 {[%clk 1:23:51]} Nbd7
{[%clk 1:23:19]} 11. a4 {[%clk 1:23:32]} Qc7 {[%clk 1:16:41]} 12. a5
{[%clk 1:22:52]} Rfc8 {[%clk 1:14:13]} 13. Be3 {[%clk 1:22:31]} b5
{[%clk 1:08:16]} 14. axb6 {[%clk 1:22:40]} Nxb6 {[%clk 1:08:37]} 15. Na5
{[%clk 1:22:55]} Nc4 {[%clk 0:55:41]} 16. Nxc4 {[%clk 1:23:19]} Qxc4
{[%clk 0:54:57]} 17. Na4 {[%clk 1:18:13]} Nd7 {[%clk 0:50:23]} 18. Re2
{[%clk 1:18:35]} Rab8 {[%clk 0:48:43]} 19. b3 {[%clk 1:14:08]} Qb4
{[%clk 0:48:26]} 20. Bc1 {[%clk 0:49:09]} Qb7 {[%clk 0:36:26]} 21. Bb2
{[%clk 0:44:03]} h6 {[%clk 0:31:34]} 22. h3 {[%clk 0:43:15]} Rc7 {[%clk 0:30:12]}
23. Re3 {[%clk 0:37:50]} Rbc8 {[%clk 0:27:10]} 24. c4 {[%clk 0:36:15]} Nb6
{[%clk 0:24:28]} 25. Bg4 {[%clk 0:30:54]} Nxa4 {[%clk 0:21:51]} 26. Rxa4
{[%clk 0:31:12]} Bxg4 {[%clk 0:21:50]} 27. Qxg4 {[%clk 0:31:14]} Rc6
{[%clk 0:21:27]} 28. Bc1 {[%clk 0:23:23]} Bg5 {[%clk 0:20:46]} 29. Rg3
{[%clk 0:23:25]} f5 {[%clk 0:20:44]} 30. Qd1 {[%clk 0:23:31]} Bxc1
{[%clk 0:20:24]} 31. Qxc1 {[%clk 0:23:58]} f4 {[%clk 0:19:07]} 32. Rc3
{[%clk 0:21:48]} Rb6 {[%clk 0:17:54]} 33. Qc2 {[%clk 0:21:50]} Rb8
{[%clk 0:14:18]} 34. Ra3 {[%clk 0:20:59]} Kh8 {[%clk 0:13:26]} 35. Qd3
{[%clk 0:19:40]} Qe7 {[%clk 0:09:56]} 36. Ra5 {[%clk 0:13:10]} Qg5
{[%clk 0:08:47]} 37. Rd5 {[%clk 0:12:43]} Qe7 {[%clk 0:03:22]} 38. Kh2
{[%clk 0:13:08]} Qh4 {[%clk 0:02:14]} 39. Qf3 {[%clk 0:11:54]} Rc6
{[%clk 0:01:15]} 40. Rcd3 {[%clk 0:36:39]} Qf6 {[%clk 0:30:35]} 41. Qg4
{[%clk 0:33:30]} Rbb6 {[%clk 0:22:18]} 42. Qd7 {[%clk 0:30:28]} Kh7
{[%clk 0:21:45]} 43. Qg4 {[%clk 0:28:44]} Qg6 {[%clk 0:16:58]} 44. Qf3
{[%clk 0:28:15]} Rc7 {[%clk 0:16:55]} 45. Qe2 {[%clk 0:26:09]} Rcc6
{[%clk 0:17:04]} 46. Qe1 {[%clk 0:24:25]} Rc7 {[%clk 0:15:56]} 47. Qe2
{[%clk 0:22:27]} Rcc6 {[%clk 0:16:25]} 48. Rc3 {[%clk 0:22:49]} Rb4
{[%clk 0:16:00]} 49. Qf3 {[%clk 0:22:39]} Qg5 {[%clk 0:13:46]} 50. Qd3
{[%clk 0:21:04]} Rbb6 {[%clk 0:13:24]} 51. Ra5 {[%clk 0:19:59]} Rc8
{[%clk 0:12:14]} 52. Qd5 {[%clk 0:18:17]} Rcb8 {[%clk 0:12:12]} 53. b4
{[%clk 0:18:03]} Rf8 {[%clk 0:11:15]} 54. b5 {[%clk 0:14:01]} Rf6
{[%clk 0:08:59]} 55. Rxa6 {[%clk 0:10:50]} Rg6 {[%clk 0:09:13]} 56. g3
{[%clk 0:11:06]} fxg3+ {[%clk 0:09:21]} 57. Rxg3 {[%clk 0:11:07]} Qf4
{[%clk 0:09:01]} 58. Ra2 {[%clk 0:11:18]} Rb8 {[%clk 0:08:45]} 59. Kg2
{[%clk 0:08:17]} Rf6 {[%clk 0:08:51]} 60. Qd3 {[%clk 0:07:57]} Rc8
{[%clk 0:07:43]} 61. Rg4 {[%clk 0:07:31]} Qc1 {[%clk 0:07:57]} 62. Ra7
{[%clk 0:06:47]} Rg8 {[%clk 0:07:55]} 63. Qg3 {[%clk 0:06:19]} Kh8
{[%clk 0:07:48]} 64. Rgxg7 {[%clk 0:06:08]} Rxf2+ {[%clk 0:07:25]} 65. Kxf2
{[%clk 0:06:13]} Qd2+ {[%clk 0:05:52]} 66. Kg1 {[%clk 0:06:31]} Qd1+
{[%clk 0:05:35]} 67. Kh2 {[%clk 0:06:56]} Qd2+ {[%clk 0:05:56]} 68. Qg2
{[%clk 0:07:16]} Qf4+ {[%clk 0:06:20]} 69. Kh1 {[%clk 0:07:36]} 1-0

[Event "European Individual Chess Championship 2017"]
[Site "?"]
[Date "2017.06.07"]
[Round "8.28"]
[White "Bocharov, Dmitry"]
[Black "Leko, Peter"]
[Result "1-0"]
[BlackElo "2703"]
[WhiteElo "2574"]
[LiveChessVersion "1.4.8"]

1. Nf3 {[%clk 1:30:54]} c5 {[%clk 1:29:01]} 2. e4 {[%clk 1:31:03]} d6
{[%clk 1:29:22]} 3. Bb5+ {[%clk 1:31:02]} Nd7 {[%clk 1:29:39]} 4. O-O
{[%clk 1:30:30]} a6 {[%clk 1:28:06]} 5. Bd3 {[%clk 1:29:25]} Ngf6
{[%clk 1:28:24]} 6. Re1 {[%clk 1:28:59]} e6 {[%clk 1:28:26]} 7. c3
{[%clk 1:26:59]} b5 {[%clk 1:28:11]} 8. Bc2 {[%clk 1:26:18]} c4 {[%clk 1:27:32]}
9. b3 {[%clk 1:23:31]} Bb7 {[%clk 1:23:38]} 10. bxc4 {[%clk 1:18:51]} bxc4
{[%clk 1:23:59]} 11. Na3 {[%clk 1:19:07]} Rc8 {[%clk 1:16:58]} 12. Rb1
{[%clk 1:16:16]} Ba8 {[%clk 1:15:59]} 13. Qe2 {[%clk 1:07:55]} d5
{[%clk 1:04:50]} 14. Nd4 {[%clk 0:27:48]} Nxe4 {[%clk 0:37:27]} 15. Bxe4
{[%clk 0:25:18]} dxe4 {[%clk 0:36:39]} 16. Nxc4 {[%clk 0:24:02]} Qc7
{[%clk 0:25:21]} 17. Ne3 {[%clk 0:23:09]} Qa7 {[%clk 0:25:32]} 18. Qh5
{[%clk 0:19:35]} e5 {[%clk 0:13:13]} 19. Ndc2 {[%clk 0:10:02]} Bc5
{[%clk 0:13:07]} 20. Ba3 {[%clk 0:06:49]} O-O {[%clk 0:12:48]} 21. Rf1
{[%clk 0:04:35]} g6 {[%clk 0:09:29]} 22. Bxc5 {[%clk 0:04:34]} Rxc5
{[%clk 0:09:32]} 23. Qh4 {[%clk 0:04:22]} f6 {[%clk 0:08:34]} 24. h3
{[%clk 0:03:08]} Kg7 {[%clk 0:07:41]} 25. Rfd1 {[%clk 0:02:52]} Rc7
{[%clk 0:05:01]} 26. Nb4 {[%clk 0:01:31]} Nb6 {[%clk 0:03:49]} 27. d4
{[%clk 0:01:24]} exd3 {[%clk 0:01:28]} 28. Rxd3 {[%clk 0:01:12]} Rff7
{[%clk 0:00:40]} 29. Rd6 {[%clk 0:00:48]} a5 {[%clk 0:00:43]} 30. Ng4
{[%clk 0:00:44]} Nd7 {[%clk 0:00:47]} 31. Qh6+ {[%clk 0:00:43]} Kg8
{[%clk 0:01:06]} 32. Nd5 {[%clk 0:00:45]} Bxd5 {[%clk 0:01:18]} 33. Rxd5
{[%clk 0:01:07]} Rc8 {[%clk 0:01:14]} 34. Qd2 {[%clk 0:01:06]} Kg7
{[%clk 0:01:22]} 35. Rd6 {[%clk 0:01:03]} Qc7 {[%clk 0:00:40]} 36. Rd1
{[%clk 0:01:16]} Nf8 {[%clk 0:00:38]} 37. Qh6+ {[%clk 0:01:00]} Kh8
{[%clk 0:01:07]} 38. Nxf6 {[%clk 0:00:41]} Qxc3 {[%clk 0:01:32]} 39. Qg5
{[%clk 0:00:53]} Qb2 {[%clk 0:00:37]} 40. Ng4 {[%clk 0:30:40]} Rf5
{[%clk 0:30:36]} 41. Qe7 {[%clk 0:25:40]} h5 {[%clk 0:16:02]} 42. Rd7
{[%clk 0:04:23]} Nxd7 {[%clk 0:14:13]} 43. Rxd7 {[%clk 0:04:46]} Qc1+
{[%clk 0:14:23]} 44. Kh2 {[%clk 0:05:04]} Qf4+ {[%clk 0:14:43]} 45. g3
{[%clk 0:05:20]} Rf7 {[%clk 0:15:08]} 46. gxf4 {[%clk 0:04:35]} Rxe7
{[%clk 0:15:33]} 47. Rxe7 {[%clk 0:04:56]} hxg4 {[%clk 0:15:59]} 48. fxe5
{[%clk 0:04:11]} gxh3 {[%clk 0:14:06]} 49. Kxh3 {[%clk 0:03:24]} Rc2
{[%clk 0:14:35]} 50. f4 {[%clk 0:03:17]} Rxa2 {[%clk 0:14:58]} 51. Ra7
{[%clk 0:02:28]} Kg8 {[%clk 0:14:43]} 52. Kg4 {[%clk 0:02:51]} Rg2+
{[%clk 0:14:51]} 53. Kf3 {[%clk 0:03:15]} Ra2 {[%clk 0:14:49]} 54. Kg4
{[%clk 0:02:01]} Rg2+ {[%clk 0:15:17]} 55. Kf3 {[%clk 0:02:26]} Ra2
{[%clk 0:15:43]} 56. e6 {[%clk 0:02:27]} Kf8 {[%clk 0:16:08]} 57. Ke4
{[%clk 0:02:38]} Rf2 {[%clk 0:05:06]} 58. Ke5 {[%clk 0:02:19]} Rf1
{[%clk 0:05:23]} 59. Rxa5 {[%clk 0:02:23]} Ke7 {[%clk 0:05:39]} 60. Ra7+
{[%clk 0:02:41]} Kf8 {[%clk 0:05:59]} 61. Rf7+ {[%clk 0:02:43]} Kg8
{[%clk 0:06:05]} 62. f5 {[%clk 0:01:55]} gxf5 {[%clk 0:06:02]} 63. Kf6
{[%clk 0:02:17]} 1-0

[Event "European Individual Chess Championship 2017"]
[Site "?"]
[Date "2017.06.07"]
[Round "8.29"]
[White "Bacrot, Etienne"]
[Black "Kunin, Vitaly"]
[Result "1/2-1/2"]
[BlackElo "2551"]
[WhiteElo "2696"]
[LiveChessVersion "1.4.8"]

1. e4 {[%clk 1:30:56]} d6 {[%clk 1:30:46]} 2. d4 {[%clk 1:31:16]} Nf6
{[%clk 1:31:07]} 3. Nc3 {[%clk 1:31:41]} e5 {[%clk 1:31:25]} 4. Nf3
{[%clk 1:32:05]} Nbd7 {[%clk 1:31:45]} 5. Bc4 {[%clk 1:32:27]} Be7
{[%clk 1:32:05]} 6. O-O {[%clk 1:32:49]} O-O {[%clk 1:32:26]} 7. Re1
{[%clk 1:33:14]} c6 {[%clk 1:31:00]} 8. a4 {[%clk 1:33:37]} exd4 {[%clk 1:30:57]}
9. Nxd4 {[%clk 1:34:00]} Ne5 {[%clk 1:31:20]} 10. Bf1 {[%clk 1:34:23]} Re8
{[%clk 1:31:31]} 11. h3 {[%clk 1:34:45]} Qc7 {[%clk 1:27:38]} 12. Bf4
{[%clk 1:33:20]} Ng6 {[%clk 1:22:07]} 13. Bh2 {[%clk 1:32:53]} Bf8
{[%clk 1:21:13]} 14. Qd2 {[%clk 1:30:36]} Bd7 {[%clk 1:20:02]} 15. f4
{[%clk 1:30:06]} Rad8 {[%clk 1:18:01]} 16. Kh1 {[%clk 1:28:49]} c5
{[%clk 1:12:22]} 17. Nf3 {[%clk 1:24:12]} Bc6 {[%clk 1:12:01]} 18. Nd5
{[%clk 1:16:42]} Bxd5 {[%clk 1:05:24]} 19. exd5 {[%clk 1:17:03]} Ne4
{[%clk 1:04:56]} 20. Qc1 {[%clk 1:16:33]} c4 {[%clk 1:04:06]} 21. Re2
{[%clk 1:15:03]} Nf6 {[%clk 1:00:04]} 22. Rxe8 {[%clk 1:10:45]} Rxe8
{[%clk 1:00:13]} 23. Qd2 {[%clk 1:11:04]} Ne7 {[%clk 0:48:01]} 24. Qd4
{[%clk 1:07:36]} c3 {[%clk 0:41:41]} 25. Qxc3 {[%clk 1:04:32]} Qxc3
{[%clk 0:42:03]} 26. bxc3 {[%clk 1:04:58]} Nexd5 {[%clk 0:42:25]} 27. c4
{[%clk 0:57:03]} Ne3 {[%clk 0:40:13]} 28. Bd3 {[%clk 0:57:17]} Rc8
{[%clk 0:39:09]} 29. Bg1 {[%clk 0:55:44]} Nxc4 {[%clk 0:39:16]} 30. Bxa7
{[%clk 0:55:58]} Nb2 {[%clk 0:34:16]} 31. Rb1 {[%clk 0:43:42]} Nxa4
{[%clk 0:32:23]} 32. Rxb7 {[%clk 0:44:01]} Nc5 {[%clk 0:32:20]} 33. Bxc5
{[%clk 0:44:06]} Rxc5 {[%clk 0:32:42]} 34. Ng5 {[%clk 0:43:13]} h6
{[%clk 0:32:34]} 35. Nxf7 {[%clk 0:39:19]} 1/2-1/2

[Event "European Individual Chess Championship 2017"]
[Site "?"]
[Date "2017.06.07"]
[Round "8.30"]
[White "Deac, Bogdan-Daniel"]
[Black "Fedoseev, Vladimir"]
[Result "0-1"]
[BlackElo "2690"]
[WhiteElo "2572"]
[LiveChessVersion "1.4.8"]

1. Nf3 {[%clk 1:30:57]} d5 {[%clk 1:30:52]} 2. d4 {[%clk 1:31:20]} c6
{[%clk 1:31:02]} 3. c4 {[%clk 1:31:17]} Nf6 {[%clk 1:30:46]} 4. Qc2
{[%clk 1:21:47]} Bg4 {[%clk 1:29:01]} 5. Ne5 {[%clk 1:07:29]} Be6
{[%clk 1:28:55]} 6. e3 {[%clk 0:58:52]} g6 {[%clk 1:27:52]} 7. cxd5
{[%clk 0:52:52]} Nxd5 {[%clk 1:28:07]} 8. Nd3 {[%clk 0:50:54]} Bg7
{[%clk 1:27:49]} 9. Nd2 {[%clk 0:43:13]} O-O {[%clk 1:27:56]} 10. Be2
{[%clk 0:38:02]} a5 {[%clk 1:24:44]} 11. a3 {[%clk 0:34:46]} Nd7 {[%clk 1:17:55]}
12. O-O {[%clk 0:30:47]} Qb8 {[%clk 1:18:02]} 13. Rb1 {[%clk 0:21:40]} a4
{[%clk 1:17:35]} 14. Bf3 {[%clk 0:18:42]} Qa7 {[%clk 1:11:14]} 15. Ne4
{[%clk 0:14:51]} Nc7 {[%clk 1:07:08]} 16. Nd2 {[%clk 0:08:23]} Nb5
{[%clk 1:06:25]} 17. Qd1 {[%clk 0:02:08]} f5 {[%clk 0:59:10]} 18. Be2
{[%clk 0:01:26]} Bf7 {[%clk 0:57:37]} 19. Nf3 {[%clk 0:01:18]} Bb3
{[%clk 0:50:08]} 20. Qe1 {[%clk 0:01:36]} Nd6 {[%clk 0:47:52]} 21. Bd2
{[%clk 0:01:40]} b6 {[%clk 0:48:16]} 22. Bc3 {[%clk 0:01:47]} Ne4
{[%clk 0:47:50]} 23. Nd2 {[%clk 0:01:46]} Nxd2 {[%clk 0:41:37]} 24. Qxd2
{[%clk 0:02:09]} Nf6 {[%clk 0:42:03]} 25. Nc1 {[%clk 0:00:51]} Ne4
{[%clk 0:41:49]} 26. Qd3 {[%clk 0:01:13]} Bd5 {[%clk 0:42:02]} 27. f3
{[%clk 0:00:37]} Nxc3 {[%clk 0:41:03]} 28. bxc3 {[%clk 0:00:58]} e5
{[%clk 0:41:28]} 29. Qd2 {[%clk 0:00:45]} Rfe8 {[%clk 0:40:30]} 30. Nd3
{[%clk 0:00:56]} exd4 {[%clk 0:40:40]} 31. exd4 {[%clk 0:00:38]} Qe7
{[%clk 0:40:52]} 32. Nf4 {[%clk 0:00:34]} Bf7 {[%clk 0:40:53]} 33. Bd3
{[%clk 0:00:37]} Bh6 {[%clk 0:40:09]} 34. Bc2 {[%clk 0:00:38]} Qxa3
{[%clk 0:39:44]} 35. g3 {[%clk 0:01:01]} b5 {[%clk 0:39:45]} 36. Bd3
{[%clk 0:00:33]} Qd6 {[%clk 0:38:58]} 0-1